000
00304nam a2200133Ia 4500
003
OSt
005
20240406121800.0
008
170524s9999 xx 000 0 und d
020
_a
9780470200889
040
_c
IIMT UNIVERSITY
100
_a
KAPOOR- J.N.
245
0
_a
MATHEMATICAL MODELING
942
_2
ddc
_c
02
999
_c
3569
_d
3569